Anh em Tim sư tử

সংরক্ষণ করুন:
গ্রন্থ-পঞ্জীর বিবরন
বিন্যাস: গ্রন্থ
ভাষা:Vietnamese
প্রকাশিত: Phụ nữ 1998
বিষয়গুলি:
ট্যাগগুলো: ট্যাগ যুক্ত করুন
কোনো ট্যাগ নেই, প্রথমজন হিসাবে ট্যাগ করুন!
Thư viện lưu trữ: Mạng thư viện Đại học Đà Nẵng
LEADER 00963nam a2200301 a 4500
001 000003631
003 00347
005 20171229145311.0
008 171229s1998 vie
040 |a LSK 
041 0 |a VIE 
082 0 |a 839.73  |b LI-A 
245 0 0 |a Anh em Tim sư tử  |c Astrid Lindgren; Bùi Thế Giang dịch 
260 |b Phụ nữ  |c 1998 
300 |a 331 pages  |c 18,5 cm. 
653 |a Văn học - Giéc man - Truyện ngắn 
852 |a Phòng Đọc 
901 |a 2 
927 |a Sách tham khảo 
OWN |a LSK 
AVA |a UDN50  |b LSK  |d 839.73 LI-A  |e available  |t Error 5001 Not defined in file expand_doc_bib_avail.  |f 2  |g 0  |h N  |i 0  |k 1 
999 |a From the UDN01 
AVA |a UDN50  |b LSK  |d 839.73 LI-A  |e available  |t Error 5001 Not defined in file expand_doc_bib_avail.  |f 2  |g 0  |h N  |i 0  |k 1 
TYP |a Monograph 
TYP |a Printed language 
980 |a Mạng thư viện Đại học Đà Nẵng